[Event "I Open Filadelfia.Chess"]
[Site "Filadelfia ITA"]
[Date "2009.12.08"]
[Round "6"]
[White "Mazzotta, Giuseppe Antonio"]
[Black "Soluri, Francesco"]
[Result "0-1"]
[WhiteElo "1383"]
[BlackElo "1640"]
[PlyCount "112"]
[EventDate "2009.12.05"]

1. e4 c6 2. d4 d5 3. Nc3 e6 4. Nge2 dxe4 5. Nxe4 Nd7 6. N2c3 Ngf6 7. f3 Be7 8.
Bg5 Nxe4 9. Nxe4 Bxg5 10. g3 Be7 11. Bc4 Nf6 12. O-O O-O 13. Qe1 b5 14. Bd3
Qxd4+ 15. Nf2 Bc5 16. c3 Qxd3 17. Kg2 Qc2 18. b4 Bxf2 19. Rxf2 Qd3 20. Rd1 Qg6
21. h4 Nd5 22. g4 Nf4+ 23. Kg3 Nd3 24. h5 Nxe1 25. hxg6 Nxf3 26. Rxf3 fxg6 27.
Rfd3 a5 28. a3 axb4 29. Rd8 Rxd8 30. Rxd8+ Kf7 31. cxb4 Ke7 32. Rh8 h6 33. Rg8
Kf7 34. Rd8 g5 35. Rd6 Rxa3+ 36. Kf2 Kf6 37. Rxc6 Bd7 38. Rd6 Ke7 39. Rd1 Rb3
40. Rd4 Bc6 41. Ke2 Bd5 42. Kd2 Kd6 43. Kc1 Rc3+ 44. Kd2 Rc4 45. Rd3 Rxg4 46.
Ra3 Rxb4 47. Ra6+ Ke5 48. Ra7 g6 49. Rg7 Be4 50. Kc3 Rc4+ 51. Kb3 g4 52. Ra7
Rd4 53. Ra1 h5 54. Re1 g3 55. Rg1 g2 56. Re1 h4 0-1

[Event "I Open Filadelfia.Chess"]
[Site "Filadelfia ITA"]
[Date "2009.12.08"]
[Round "6"]
[White "Olivo, Paolo"]
[Black "Carbone, Edoardo"]
[Result "1/2-1/2"]
[WhiteElo "1679"]
[BlackElo "1569"]
[PlyCount "21"]
[EventDate "2009.12.05"]

1. d4 Nf6 2. c4 e6 3. Nc3 b6 4. e4 Bb7 5. Bd3 d6 6. Nf3 Be7 7. O-O O-O 8. h3
Nbd7 9. b3 c5 10. d5 e5 11. Nh2 1/2-1/2

[Event "I Open Filadelfia.Chess"]
[Site "Filadelfia ITA"]
[Date "2009.12.08"]
[Round "6"]
[White "Paragliola, Gennaro"]
[Black "Berardi, Emiliano"]
[Result "1-0"]
[WhiteElo "1606"]
[BlackElo "1503"]
[PlyCount "31"]
[EventDate "2009.12.05"]

1. d4 c6 2. c4 d5 3. cxd5 cxd5 4. Nc3 Bg4 5. Qb3 Qd7 6. Qxd5 e6 7. Qxd7+ Nxd7
8. Nb5 Bb4+ 9. Bd2 Bxd2+ 10. Kxd2 Ke7 11. g3 a6 12. Nc3 b5 13. Bg2 Ra7 14. Nh3
Ngf6 15. f3 Bh5 16. Nf4 1-0

[Event "I Open Filadelfia.Chess"]
[Site "Filadelfia ITA"]
[Date "2009.12.08"]
[Round "6"]
[White "Rametta, Marcello"]
[Black "Battaglia, Domenica"]
[Result "1/2-1/2"]
[WhiteElo "1771"]
[BlackElo "1512"]
[PlyCount "35"]
[EventDate "2009.12.05"]

1. e4 e5 2. Bc4 Nc6 3. c3 Nf6 4. d3 Bc5 5. h3 b6 6. Nf3 Bb7 7. Bg5 d6 8. Nbd2
a6 9. Nb3 b5 10. Nxc5 dxc5 11. Bd5 Qd6 12. Bb3 Na5 13. Bc2 c4 14. Bxf6 Qxf6 15.
d4 exd4 16. Qxd4 Qxd4 17. Nxd4 O-O 18. O-O-O 1/2-1/2

[Event "I Open Filadelfia.Chess"]
[Site "Filadelfia ITA"]
[Date "2009.12.08"]
[Round "6"]
[White "Santagati, Alessandro"]
[Black "Carbone, Stefano"]
[Result "1-0"]
[WhiteElo "2176"]
[BlackElo "1758"]
[PlyCount "111"]
[EventDate "2009.12.05"]

1. f4 Nf6 2. Nf3 g6 3. Nc3 d5 4. g3 Bg7 5. Bg2 O-O 6. O-O c6 7. h3 h5 8. d3 d4
9. Ne4 Bf5 10. Nh4 Qc8 11. Nxf6+ Bxf6 12. Nxf5 Qxf5 13. e4 dxe3 14. Bxe3 Nd7
15. g4 hxg4 16. hxg4 Qa5 17. c3 Qc7 18. f5 Be5 19. Bh6 Bg7 20. Bg5 f6 21. Bf4
Qb6+ 22. d4 g5 23. Bc1 Rad8 24. Qf3 Kf7 25. Rf2 Rh8 26. Qe4 Nf8 27. Bf1 Qc7 28.
Bc4+ Ke8 29. Kf1 Qd6 30. Ke1 Rd7 31. Be3 Kd8 32. Kd2 Rh4 33. Rh1 Rxh1 34. Qxh1
e5 35. Kc2 exd4 36. Bxd4 c5 37. Be3 Qg3 38. Qe4 Qd6 39. Rd2 Qc7 40. Rd5 Rxd5
41. Qxd5+ Nd7 42. Bb5 b6 43. Bf2 Kc8 44. Bg3 Qxg3 45. Qxd7+ Kb8 46. Qxg7 Qg2+
47. Kb3 Qd5+ 48. Ka3 c4 49. Qf8+ Kc7 50. Qb4 Qd1 51. Qxc4+ Kd8 52. Qd4+ Qxd4
53. cxd4 Kc7 54. Kb4 Kd6 55. Kc4 a5 56. a4 1-0

[Event "I Open Filadelfia.Chess"]
[Site "Filadelfia ITA"]
[Date "2009.12.08"]
[Round "6"]
[White "Scerra, Ezio"]
[Black "Dagnino, Marcello"]
[Result "0-1"]
[WhiteElo "1326"]
[BlackElo "1565"]
[PlyCount "64"]
[EventDate "2009.12.05"]

1. c4 c5 2. Nc3 Nf6 3. g3 e6 4. Bg2 a6 5. Nf3 Nc6 6. O-O Be7 7. Re1 d6 8. d4
cxd4 9. Nxd4 Bd7 10. Nc2 h6 11. b4 Qc7 12. Bd2 Ne5 13. c5 dxc5 14. bxc5 Bxc5
15. Bf4 Bd6 16. Rb1 Bc6 17. e4 O-O 18. Nd4 Rad8 19. Qb3 b5 20. Nxc6 Qxc6 21.
Rbc1 Qb7 22. Bxe5 Bxe5 23. f4 Qb6+ 24. Kh1 Bxc3 25. Qxc3 Ng4 26. h3 Nf2+ 27.
Kh2 Nd3 28. Rf1 Nxc1 29. Qxc1 Rc8 30. Qb2 Rfd8 31. h4 Qe3 32. e5 Rd2 0-1

[Event "I Open Filadelfia.Chess"]
[Site "Filadelfia ITA"]
[Date "2009.12.08"]
[Round "6"]
[White "Tricomi, Massimo"]
[Black "Scerbo, Antonio"]
[Result "0-1"]
[WhiteElo "1916"]
[BlackElo "2095"]
[PlyCount "66"]
[EventDate "2009.12.05"]

1. e4 c5 2. Nf3 Nc6 3. d4 cxd4 4. Nxd4 Nf6 5. Nc3 e5 6. Ndb5 d6 7. Bg5 a6 8.
Na3 b5 9. Bxf6 gxf6 10. Nd5 Bg7 11. Bd3 Ne7 12. Nxe7 Qxe7 13. c3 O-O 14. Nc2 f5
15. Qh5 f4 16. g3 f5 17. O-O-O Bb7 18. Rhe1 Rae8 19. exf5 e4 20. f3 d5 21. fxe4
dxe4 22. Be2 Rc8 23. Nd4 b4 24. c4 Qf6 25. g4 Qe5 26. g5 f3 27. g6 hxg6 28.
Qxg6 fxe2 29. Rd2 Rxc4+ 30. Kb1 Rxd4 31. Rxd4 Qxd4 32. Qe6+ Kh8 33. f6 Qd1+ 0-1

[Event "I Open Filadelfia.Chess"]
[Site "Filadelfia ITA"]
[Date "2009.12.08"]
[Round "6"]
[White "Violi, Vincenzo"]
[Black "Bellantoni, Corrado"]
[Result "1/2-1/2"]
[WhiteElo "1590"]
[BlackElo "1464"]
[PlyCount "26"]
[EventDate "2009.12.05"]

1. e4 e6 2. d4 b6 3. Nc3 Bb7 4. Bd3 h6 5. Be3 Bb4 6. Nge2 a6 7. O-O Ne7 8. a3
Bxc3 9. Nxc3 d5 10. e5 Nbc6 11. f4 g6 12. Qe2 Nf5 13. Qf2 h5 1/2-1/2

[Event "I Open Filadelfia.Chess"]
[Site "Filadelfia ITA"]
[Date "2009.12.08"]
[Round "6"]
[White "Zampaglione, Davide"]
[Black "Vacchiano, Salvatore"]
[Result "1-0"]
[WhiteElo "1677"]
[BlackElo "1605"]
[PlyCount "67"]
[EventDate "2009.12.05"]

1. d4 d6 2. Nf3 Nf6 3. e3 g6 4. Bd3 Bg7 5. Nbd2 Nbd7 6. c3 c5 7. O-O O-O 8. Re1
cxd4 9. exd4 Re8 10. Ne4 Nxe4 11. Bxe4 Nf6 12. Bd3 b6 13. Qb3 d5 14. h3 e6 15.
Bf4 Bb7 16. Ne5 Nd7 17. Bb5 Nxe5 18. Bxe5 Rf8 19. Qc2 Bxe5 20. Rxe5 a6 21. Bd3
Qd6 22. Rae1 Rae8 23. Qe2 b5 24. Qe3 Re7 25. h4 Rfe8 26. Qh3 f6 27. R5e3 e5 28.
Qg3 Qe6 29. dxe5 fxe5 30. Rxe5 Qf7 31. Rxe7 Rxe7 32. Rxe7 Qxe7 33. h5 g5 34. h6
1-0

[Event "I Open Filadelfia.Chess"]
[Site "Filadelfia ITA"]
[Date "2009.12.08"]
[Round "7"]
[White "Arnetta, Maria Teresa"]
[Black "Scerbo, Antonio"]
[Result "1-0"]
[WhiteElo "2046"]
[BlackElo "2095"]
[PlyCount "135"]
[EventDate "2009.12.05"]

1. e4 c5 2. c3 d5 3. exd5 Qxd5 4. d4 cxd4 5. cxd4 Nc6 6. Nf3 e5 7. Nc3 Bb4 8.
Bd2 Bxc3 9. Bxc3 e4 10. Ne5 Nxe5 11. dxe5 Ne7 12. Qa4+ Bd7 13. Qa3 Qe6 14. Rd1
O-O 15. Qd6 Rfd8 16. Be2 Nf5 17. Qxe6 Bxe6 18. O-O h6 19. b3 Kh7 20. h3 Kg6 21.
Bb2 Rac8 22. Rxd8 Rxd8 23. Rd1 Rc8 24. Rc1 Rxc1+ 25. Bxc1 Nd4 26. Kf1 Kf5 27.
Bb2 Kxe5 28. f4+ exf3 29. Bxf3 Bd5 30. Bg4 Bc6 31. Kf2 Ke4 32. Ba3 g6 33. Bc5
a6 34. h4 f5 35. Bd1 g5 36. Bf8 gxh4 37. Bxh6 Ne6 38. Bc2+ Ke5 39. Bc1 Be4 40.
Bb2+ Nd4 41. Bd1 Kd5 42. Bh5 Bb1 43. a3 Ke4 44. b4 Kd3 45. Bf7 Ke4 46. a4 Bc2
47. Be8 Bb3 48. Bc1 Nc2 49. b5 axb5 50. axb5 Ba4 51. Bd7 Nd4 52. Bc8 b6 53.
Bb7+ Kd3 54. Bg5 Nxb5 55. Bd8 Nd6 56. Ba6+ b5 57. Bxh4 Kd4 58. Be7 Kd5 59. Ke3
b4 60. Bd3 Bd7 61. Bc2 Be6 62. Kf4 Kc6 63. Ba4+ Kc7 64. Ke5 Nc4+ 65. Kxe6 Ne3
66. g3 Kb6 67. Bxb4 Nf1 68. Bd6 1-0

[Event "I Open Filadelfia.Chess"]
[Site "Filadelfia ITA"]
[Date "2009.12.08"]
[Round "7"]
[White "Battaglia, Domenica"]
[Black "Olivo, Paolo"]
[Result "1/2-1/2"]
[WhiteElo "1512"]
[BlackElo "1679"]
[PlyCount "26"]
[EventDate "2009.12.05"]

1. e4 c6 2. d4 d5 3. Nc3 dxe4 4. Nxe4 Bf5 5. f3 Nd7 6. Be3 Ngf6 7. Bd3 e6 8.
Ne2 Nd5 9. Bf2 Qa5+ 10. c3 Be7 11. Qd2 h6 12. N2g3 Bh7 13. Be3 f5 1/2-1/2

[Event "I Open Filadelfia.Chess"]
[Site "Filadelfia ITA"]
[Date "2009.12.08"]
[Round "7"]
[White "Bellantoni, Corrado"]
[Black "Rametta, Marcello"]
[Result "1/2-1/2"]
[WhiteElo "1464"]
[BlackElo "1771"]
[PlyCount "52"]
[EventDate "2009.12.05"]

1. d4 d5 2. f4 g6 3. Nf3 Bg7 4. g3 Nf6 5. Bg2 O-O 6. h3 c6 7. O-O Ne4 8. Kh2
Qc7 9. b3 Nd7 10. Bb2 h6 11. e3 Ndf6 12. Nbd2 g5 13. Ne5 gxf4 14. gxf4 Bf5 15.
Re1 Qa5 16. Bxe4 Nxe4 17. Nxe4 Bxe4 18. a3 Qc7 19. Rg1 Kh7 20. Qh5 Bxe5 21.
dxe5 Bg6 22. Qg4 Rg8 23. f5 Qa5 24. fxg6+ Rxg6 25. Qe2 Rag8 26. Rxg6 Rxg6
1/2-1/2

[Event "I Open Filadelfia.Chess"]
[Site "Filadelfia ITA"]
[Date "2009.12.08"]
[Round "7"]
[White "Carbone, Edoardo"]
[Black "Mantello, Filippo"]
[Result "0-1"]
[WhiteElo "1569"]
[BlackElo "1640"]
[PlyCount "52"]
[EventDate "2009.12.05"]

1. e4 e5 2. Nf3 Nc6 3. Nc3 Nf6 4. d3 Be7 5. g3 d6 6. Bg2 Bg4 7. h3 Be6 8. O-O
O-O 9. Be3 Nd7 10. Nd2 f5 11. exf5 Bxf5 12. Nd5 Be6 13. a3 Nf6 14. Nxf6+ Bxf6
15. Ne4 Be7 16. b4 a6 17. Qd2 Qd7 18. Kh2 Rf7 19. Bg5 h6 20. Bxe7 Qxe7 21. c3
Raf8 22. a4 Nd8 23. Qe2 c6 24. Rab1 d5 25. Nd2 Rf5 26. b5 Qc5 0-1

[Event "I Open Filadelfia.Chess"]
[Site "Filadelfia ITA"]
[Date "2009.12.08"]
[Round "7"]
[White "Carbone, Stefano"]
[Black "Zampaglione, Davide"]
[Result "1-0"]
[WhiteElo "1758"]
[BlackElo "1677"]
[PlyCount "125"]
[EventDate "2009.12.05"]

1. e4 e5 2. Nf3 Nf6 3. Nxe5 d6 4. Nf3 Nxe4 5. Nc3 Nf6 6. d4 Be7 7. Bd3 Bg4 8.
h3 Bh5 9. Bf4 Nc6 10. g4 Bg6 11. Qd2 Qd7 12. O-O-O O-O-O 13. a3 Bxd3 14. Qxd3
Rde8 15. d5 Nd8 16. Qd4 Kb8 17. Be3 b6 18. Qc4 Qc8 19. Nd4 Nd7 20. Nc6+ Nxc6
21. dxc6 Ne5 22. Qa4 Ka8 23. f4 Ng6 24. Nb5 Qb8 25. Rhe1 Bh4 26. Re2 Bg3 27.
Rf1 Bxf4 28. Rxf4 Nxf4 29. Qxf4 Re5 30. Nc3 Rhe8 31. Qf3 R8e6 32. Bf4 Rxe2 33.
Nxe2 Qe8 34. Nd4 Rf6 35. Qe3 Qxe3+ 36. Bxe3 Rf1+ 37. Kd2 Rh1 38. Nf5 Rxh3 39.
Nxg7 Kb8 40. g5 Kc8 41. Nf5 Kd8 42. Nd4 a6 43. Nf5 Rf3 44. Nd4 Rh3 45. Ke2 Ke7
46. Nf3 Rh1 47. Nd4 Rb1 48. b3 Rh1 49. Kd3 Rh3 50. Ke4 f6 51. Nf5+ Ke6 52. gxf6
Kxf6 53. Nxd6 Ke7 54. Nf5+ Ke6 55. Bf4 Rh1 56. Bxc7 Re1+ 57. Ne3 b5 58. a4 h5
59. axb5 axb5 60. Bg3 Rh1 61. c7 Kd7 62. Nd5 Rc1 63. Nb6+ 1-0

[Event "I Open Filadelfia.Chess"]
[Site "Filadelfia ITA"]
[Date "2009.12.08"]
[Round "7"]
[White "Carlomagno, Vincenzo"]
[Black "Paragliola, Gennaro"]
[Result "1-0"]
[WhiteElo "1569"]
[BlackElo "1606"]
[PlyCount "45"]
[EventDate "2009.12.05"]

1. e4 d6 2. d4 g6 3. Nc3 Bg7 4. Be3 e5 5. Qd2 exd4 6. Bxd4 Bxd4 7. Qxd4 Qf6 8.
Qd2 Nc6 9. O-O-O Be6 10. Bb5 a6 11. Ba4 b5 12. Bb3 Bxb3 13. axb3 Nge7 14. Nd5
Nxd5 15. Qxd5 Kd7 16. Nf3 Rhe8 17. Rhe1 Rad8 18. e5 Qf4+ 19. Kb1 Nb4 20. Qc5 d5
21. Rd4 Qf5 22. Rxb4 c6 23. Qd6+ 1-0

[Event "I Open Filadelfia.Chess"]
[Site "Filadelfia ITA"]
[Date "2009.12.08"]
[Round "7"]
[White "Cicero, Angelo"]
[Black "Scerra, Ezio"]
[Result "1/2-1/2"]
[WhiteElo "1437"]
[BlackElo "1326"]
[PlyCount "55"]
[EventDate "2009.12.05"]

1. e4 c5 2. Nf3 Nc6 3. Bb5 e6 4. Bxc6 bxc6 5. d3 Be7 6. Be3 d5 7. O-O Nf6 8.
Nbd2 d4 9. Bf4 Nh5 10. Bg3 O-O 11. Ne5 Nxg3 12. Nxc6 Qd6 13. Nxe7+ Qxe7 14.
fxg3 e5 15. a3 f6 16. Rb1 a5 17. b3 Be6 18. Rb2 a4 19. b4 cxb4 20. Rxb4 Rfb8
21. Rxb8+ Rxb8 22. Qa1 Qc7 23. Rc1 Qa7 24. Kf1 Qa6 25. h3 f5 26. exf5 Bxf5 27.
Qa2+ Be6 28. Qa1 1/2-1/2

[Event "I Open Filadelfia.Chess"]
[Site "Filadelfia ITA"]
[Date "2009.12.08"]
[Round "7"]
[White "Familari, Giuseppe"]
[Black "Santagati, Alessandro"]
[Result "0-1"]
[WhiteElo "1832"]
[BlackElo "2176"]
[PlyCount "92"]
[EventDate "2009.12.05"]

1. e4 e6 2. d4 d5 3. Nc3 Bb4 4. e5 c5 5. a3 Bxc3+ 6. bxc3 Ne7 7. h4 Qc7 8. Nf3
Nbc6 9. h5 h6 10. Rb1 Bd7 11. Bd3 cxd4 12. cxd4 Nxd4 13. Nxd4 Qc3+ 14. Kf1 Qxd4
15. Rxb7 Qxe5 16. g3 d4 17. Qf3 Rc8 18. Rxd7 Kxd7 19. Qb7+ Qc7 20. Qb4 Nc6 21.
Qc4 Qe5 22. Bf4 Qa5 23. Kg2 Ke7 24. Rb1 Qd5+ 25. Qxd5 exd5 26. Rb7+ Kf6 27. g4
g6 28. hxg6 fxg6 29. Bg3 h5 30. g5+ Kxg5 31. f4+ Kf6 32. Bh4+ Ke6 33. Bxg6 Rhg8
34. f5+ Kd6 35. Bg3+ Kc5 36. Bxh5 Rg5 37. Bg6 Ne5 38. Bh7 Ng4 39. Kf3 Ne3 40.
Bf4 Rh5 41. f6 Rf8 42. Bxe3 dxe3 43. Kxe3 a5 44. Bd3 Rxf6 45. Rb5+ Kc6 46. Rxa5
d4+ 0-1

[Event "I Open Filadelfia.Chess"]
[Site "Filadelfia ITA"]
[Date "2009.12.08"]
[Round "7"]
[White "Forlano, Luigi"]
[Black "Tricomi, Massimo"]
[Result "1/2-1/2"]
[WhiteElo "2018"]
[BlackElo "1916"]
[PlyCount "87"]
[EventDate "2009.12.05"]

1. e4 Nc6 2. d4 d5 3. Nc3 e6 4. Nf3 Nf6 5. e5 Ne4 6. Bd3 f5 7. exf6 Nxf6 8. Bf4
Bd6 9. Qd2 O-O 10. Bxd6 cxd6 11. O-O-O e5 12. dxe5 dxe5 13. Bb5 Bg4 14. Nxd5
Nxd5 15. Qxd5+ Qxd5 16. Rxd5 Bxf3 17. gxf3 Rxf3 18. Bc4 Kh8 19. Rd7 Na5 20. Bd5
Rxf2 21. b4 Nc6 22. Rxb7 Nd4 23. c4 Rxa2 24. Kb1 Rf2 25. Rf7 Rxf7 26. Bxa8 Rf8
27. Bb7 Rb8 28. Rf1 g6 29. Rf7 e4 30. Kb2 e3 31. Kc3 e2 32. Re7 Rxb7 33. Re8+
Kg7 34. Kxd4 Rxb4 35. Rxe2 a5 36. Kd5 Kf6 37. c5 a4 38. c6 Rb1 39. Rc2 Rd1+ 40.
Kc5 Ke7 41. Kb4 Kd8 42. Kxa4 Kc7 43. Kb5 Rd5+ 44. Kb4 1/2-1/2

[Event "I Open Filadelfia.Chess"]
[Site "Filadelfia ITA"]
[Date "2009.12.08"]
[Round "7"]
[White "Gugliotta, Domenico F."]
[Black "Mazzotta, Giuseppe Antonio"]
[Result "1-0"]
[WhiteElo "1398"]
[BlackElo "1383"]
[PlyCount "45"]
[EventDate "2009.12.05"]

1. e4 Nf6 2. Nc3 e5 3. Bc4 Bb4 4. Nd5 c5 5. Nf3 Nc6 6. Ng5 d6 7. Nxb4 Nxb4 8.
Nxf7 Bg4 9. f3 Nxe4 10. Nxd8 Rxd8 11. fxg4 d5 12. Bb5+ Nc6 13. Bxc6+ bxc6 14.
d3 Nf6 15. Be3 Rf8 16. Bxc5 Rg8 17. Bxa7 Nxg4 18. Qxg4 e4 19. dxe4 Rd7 20. Qh5+
g6 21. Qe5+ Kf8 22. Bc5+ Kf7 23. Rf1# 1-0

[Event "I Open Filadelfia.Chess"]
[Site "Filadelfia ITA"]
[Date "2009.12.08"]
[Round "7"]
[White "Serratore, Vincenzo"]
[Black "Blasco, Domenico"]
[Result "0-1"]
[WhiteElo "1909"]
[BlackElo "1968"]
[PlyCount "110"]
[EventDate "2009.12.05"]

1. d4 g6 2. Nd2 Bg7 3. c3 d6 4. e4 Nd7 5. Bd3 Ngf6 6. f4 e5 7. fxe5 dxe5 8. d5
O-O 9. Ngf3 Nc5 10. Bc2 a5 11. a3 a4 12. O-O c6 13. c4 Ng4 14. Qe2 Qb6 15. Kh1
Bd7 16. Nb1 cxd5 17. cxd5 Bb5 18. Qe1 Bxf1 19. Qxf1 Nxe4 20. g3 Nd6 21. Nc3
Rac8 22. h3 e4 23. hxg4 exf3 24. Qxf3 Rfe8 25. Bd3 Qb3 26. Bf4 Qxb2 27. Rf1
Qxc3 28. Bxd6 f6 29. Bb4 Qd4 30. Bb5 Re3 31. Qd1 Qe4+ 32. Kh2 Rc2+ 33. Bd2 Rb2
34. Rf4 Qe5 35. Kh3 Rxa3 36. Bb4 Raa2 37. Qh1 Rh2+ 38. Qxh2 Rxh2+ 39. Kxh2 Bf8
40. Bxf8 Kxf8 41. Bxa4 Qxd5 42. Rxf6+ Kg7 43. Rf4 g5 44. Rf2 Qd4 45. Ra2 Qc4
46. Ra1 b5 47. Bd1 b4 48. Ra7+ Kf6 49. Rb7 Qd5 50. Rb6+ Ke7 51. Ba4 Qa2+ 52.
Bc2 Qxc2+ 53. Kh3 b3 54. Rb7+ Kd6 55. Rd7+ Kc5 0-1

[Event "I Open Filadelfia.Chess"]
[Site "Filadelfia ITA"]
[Date "2009.12.08"]
[Round "7"]
[White "Soluri, Francesco"]
[Black "Costantino, Gregorio"]
[Result "1-0"]
[WhiteElo "1640"]
[BlackElo "1413"]
[PlyCount "80"]
[EventDate "2009.12.05"]

1. d4 d6 2. Nf3 Nf6 3. Bf4 g6 4. Nbd2 Bg7 5. c3 O-O 6. e4 Nh5 7. Be3 e5 8. dxe5
dxe5 9. Qc2 c6 10. a4 a5 11. Nc4 Nd7 12. Rd1 Qe7 13. Nd6 b6 14. Nxc8 Rfxc8 15.
g3 Nc5 16. Bg2 f6 17. O-O Rd8 18. Rxd8+ Rxd8 19. Rd1 Rxd1+ 20. Qxd1 Qc7 21. Ne1
Ne6 22. Nc2 Bf8 23. Qd2 c5 24. Bh6 Qd8 25. Qxd8 Nxd8 26. Bxf8 Kxf8 27. f3 Nb7
28. Ne3 Nd6 29. g4 Nf4 30. Nd5 Nxd5 31. exd5 g5 32. Kf2 Nc4 33. b3 Nd2 34. Bf1
Ke7 35. Bc4 Kd6 36. Ke3 Nxc4+ 37. bxc4 h6 38. Ke4 Ke7 39. h3 Kf7 40. Kf5 Ke7
1-0

[Event "I Open Filadelfia.Chess"]
[Site "Filadelfia ITA"]
[Date "2009.12.08"]
[Round "7"]
[White "Vacchiano, Salvatore"]
[Black "Violi, Vincenzo"]
[Result "0-1"]
[WhiteElo "1605"]
[BlackElo "1590"]
[PlyCount "23"]
[EventDate "2009.12.05"]

1. e4 c5 2. Nf3 d6 3. d4 cxd4 4. Nxd4 Nf6 5. Nc3 a6 6. Bg5 Nbd7 7. Bc4 Qc7 8.
Qe2 e6 9. f4 b5 10. Bb3 Bb7 11. O-O-O Nc5 12. Nd5 0-1

[Event "I Open Filadelfia.Chess"]
[Site "Filadelfia ITA"]
[Date "2009.12.08"]
[Round "7"]
[White "Zampaglione, Francesco"]
[Black "Dagnino, Marcello"]
[Result "1/2-1/2"]
[WhiteElo "1425"]
[BlackElo "1565"]
[PlyCount "49"]
[EventDate "2009.12.05"]

1. d4 d5 2. Nf3 c6 3. Nbd2 Nf6 4. e3 Nbd7 5. Bd3 Qc7 6. O-O e5 7. dxe5 Nxe5 8.
Nxe5 Qxe5 9. Nf3 Qc7 10. Re1 Be6 11. Nd4 O-O-O 12. Nxe6 fxe6 13. Qf3 Bd6 14. g3
Rhf8 15. Qg2 g6 16. e4 e5 17. exd5 Nxd5 18. a3 Rde8 19. c4 Nf6 20. b4 Qd7 21.
Rd1 Qe6 22. c5 Bc7 23. Bb2 Ng4 24. Rd2 Nf6 25. Bf1 1/2-1/2

[Event "Memorial Di Liberto"]
[Site "Genova ITA"]
[Date "2009.12.13"]
[Round "5"]
[White "Traverso, Massimiliano"]
[Black "Roversi, Stefano"]
[Result "0-1"]
[WhiteElo "1918"]
[BlackElo "1817"]
[PlyCount "66"]
[EventDate "2009.12.11"]

1. e4 c5 2. Nf3 Nc6 3. d4 cxd4 4. Nxd4 a6 5. Be2 e6 6. O-O Nxd4 7. Qxd4 Ne7 8.
Be3 b5 9. f4 Nc6 10. Qd1 Be7 11. a4 b4 12. Nd2 d5 13. e5 Bb7 14. Nf3 Qc7 15.
Qe1 O-O 16. Qg3 d4 17. Bd2 Na5 18. Bd3 Nc4 19. Bc1 Ne3 20. Bxe3 dxe3 21. Ng5
Bxg5 22. fxg5 e2 23. Rf4 Qc5+ 24. Kh1 g6 25. Rc4 Qb6 26. Re1 a5 27. Rh4 Rfd8
28. Rh6 Rd4 29. Rxe2 Ba6 30. Qh3 Rf4 31. g3 Bb7+ 32. Rg2 Rf2 33. Rxh7 Bxg2+ 0-1

[Event "X Open A"]
[Site "Montebelluna ITA"]
[Date "2009.12.27"]
[Round "1"]
[White "Boscolo, Federico"]
[Black "Bortolussi, Andrea"]
[Result "1-0"]
[WhiteElo "1990"]
[BlackElo "1895"]
[PlyCount "35"]
[EventDate "2009.12.27"]

1. e4 e5 2. Nf3 Nf6 3. Nxe5 d6 4. Nf3 Nxe4 5. d4 d5 6. Bd3 Nc6 7. O-O Bg4 8.
Re1 Be7 9. c3 f5 10. Nbd2 Bh4 11. Nxe4 Bxf3 12. Ng5+ Be4 13. Qh5+ Kd7 14. Bxe4
Bxf2+ 15. Kxf2 dxe4 16. Nf7 g6 17. Nxd8 gxh5 18. Nxb7 1-0

[Event "X Open A"]
[Site "Montebelluna ITA"]
[Date "2009.12.27"]
[Round "1"]
[White "Brunelli, Giovanni"]
[Black "Xia, Jie"]
[Result "0-1"]
[WhiteElo "1930"]
[BlackElo "2208"]
[PlyCount "98"]
[EventDate "2009.12.27"]

1. e4 c5 2. Nf3 d6 3. d4 cxd4 4. Nxd4 Nf6 5. Nc3 g6 6. Be3 Bg7 7. f3 Nc6 8. Qd2
O-O 9. O-O-O Nxd4 10. Bxd4 Be6 11. Kb1 Qc7 12. Nd5 Bxd5 13. exd5 Rfc8 14. h4
Bh6 15. Qf2 Nxd5 16. h5 g5 17. Bd3 Qa5 18. f4 gxf4 19. Qf3 Nb4 20. a3 Nxd3 21.
Rxd3 Rc7 22. g3 Qf5 23. gxf4 f6 24. Rc3 Rac8 25. Rg1+ Kf7 26. Rxc7 Rxc7 27. Qg2
Rc8 28. Bc3 d5 29. Rd1 e6 30. Rf1 Qe4 31. Qf2 b6 32. Re1 Qf5 33. Qe2 Rc4 34.
Rg1 Bxf4 35. Qg2 Bg5 36. Rf1 Rf4 37. Rxf4 Qxf4 38. Qe2 Qc4 39. Qh2 d4 40. Bb4
Qf1+ 41. Ka2 Bf4 42. Qh4 a5 43. Be1 Qc4+ 44. Kb1 Qf1 45. Ka2 Bg5 46. Qg3 e5 47.
Qb3+ Kg7 48. Bg3 b5 49. Qe6 Qc4+ 0-1

[Event "X Open A"]
[Site "Montebelluna ITA"]
[Date "2009.12.27"]
[Round "1"]
[White "Carlassara, Renato"]
[Black "Polin, Giulia"]
[Result "0-1"]
[WhiteElo "1948"]
[BlackElo "1826"]
[PlyCount "74"]
[EventDate "2009.12.27"]

1. e4 c5 2. d4 cxd4 3. c3 d3 4. Bxd3 d6 5. Nf3 Nf6 6. e5 dxe5 7. Nxe5 Nc6 8.
Nxc6 bxc6 9. O-O Bg4 10. Be2 Qxd1 11. Bxd1 Bf5 12. Bf3 Rc8 13. Be3 e5 14. Bxa7
c5 15. Bb6 Bd6 16. a4 e4 17. Be2 O-O 18. Na3 Ng4 19. h3 Ne5 20. Nc4 Nxc4 21.
Bxc4 Rc6 22. a5 Bf4 23. g4 Rg6 24. Be2 Rc8 25. a6 Rxb6 26. a7 Ra8 27. gxf5 Rb7
28. Rfd1 Kf8 29. Rd5 Rxb2 30. Bc4 Rb7 31. Rxc5 Raxa7 32. Rxa7 Rxa7 33. Bd5 e3
34. Rc8+ Ke7 35. fxe3 Bxe3+ 36. Kg2 Ra5 37. Rc7+ Kd6 0-1

[Event "X Open A"]
[Site "Montebelluna ITA"]
[Date "2009.12.27"]
[Round "1"]
[White "Cocuzzi, Edoardo"]
[Black "Campagnola, Giacomo"]
[Result "1-0"]
[WhiteElo "1972"]
[BlackElo "1836"]
[PlyCount "87"]
[EventDate "2009.12.27"]

1. e4 c5 2. Bc4 Nc6 3. a4 e6 4. Nc3 a6 5. f4 d6 6. Nf3 Nf6 7. d3 Be7 8. O-O d5
9. Bb3 h6 10. h3 d4 11. Ne2 Nh7 12. Ng3 Qc7 13. Qe1 Bd7 14. Bd2 O-O-O 15. Bc4
g5 16. f5 Bd6 17. e5 Nxe5 18. Nxe5 Bxe5 19. Ba5 b6 20. Bxa6+ Kb8 21. Bxb6 Qxb6
22. Qxe5+ Ka7 23. Bb5 f6 24. Qe4 Rhe8 25. fxe6 Re7 26. Qg6 Qxe6 27. Rae1 Qxe1
28. Rxe1 Rxe1+ 29. Kf2 Re7 30. Bxd7 Rdxd7 31. Qxh6 Re5 32. Ne4 Rde7 33. g4 f5
34. gxf5 Rxf5+ 35. Kg2 Nf8 36. Qd6 Ref7 37. a5 Nd7 38. Qc7+ Ka6 39. c4 dxc3 40.
bxc3 g4 41. hxg4 Rf4 42. Nxc5+ Nxc5 43. Qxc5 Rxg4+ 44. Kh3 1-0

[Event "X Open A"]
[Site "Montebelluna ITA"]
[Date "2009.12.27"]
[Round "1"]
[White "Dvirnyy, Danyyil"]
[Black "Mortola, Alberto"]
[Result "1-0"]
[WhiteElo "2461"]
[BlackElo "1936"]
[PlyCount "45"]
[EventDate "2009.12.27"]

1. e4 e5 2. Nf3 Nf6 3. Nxe5 d6 4. Nf3 Nxe4 5. d4 d5 6. Bd3 Be7 7. O-O Nf6 8.
Re1 Bg4 9. c4 Nc6 10. Nc3 O-O 11. cxd5 Nxd5 12. h3 Nxc3 13. bxc3 Bh5 14. Rb1
Na5 15. Rb5 Bxf3 16. Qxf3 c6 17. Rxa5 Qxa5 18. Rxe7 Qxa2 19. Bh6 Qd5 20. Qg3 g6
21. Bxf8 Kxf8 22. Rxb7 c5 23. Rb8+ 1-0

[Event "X Open A"]
[Site "Montebelluna ITA"]
[Date "2009.12.27"]
[Round "1"]
[White "Gilevych, Artem"]
[Black "Guglielmi, Dante"]
[Result "1-0"]
[WhiteElo "2177"]
[BlackElo "1918"]
[PlyCount "75"]
[EventDate "2009.12.27"]

1. Nf3 Nf6 2. c4 g6 3. Nc3 Bg7 4. e4 d6 5. d4 O-O 6. Be2 Nbd7 7. O-O c5 8. h3
cxd4 9. Nxd4 Nc5 10. Bf3 Nfd7 11. Be3 Ne5 12. Be2 Ne6 13. Rc1 Nc6 14. Nb3 b6
15. f4 Bb7 16. Rc2 Nc5 17. Bf3 Qc8 18. Nd4 Ne6 19. Nxc6 Bxc6 20. Nd5 Bb7 21. f5
Nc5 22. b4 Bxd5 23. exd5 Nd7 24. c5 Ne5 25. c6 Qa6 26. Bg5 Rfe8 27. Be2 Qa3 28.
Bc1 Qa4 29. b5 Rac8 30. Rf4 Qa5 31. a4 Bh6 32. Bd2 Bxf4 33. Bxa5 bxa5 34. Qd4
Bg3 35. Qxa7 Be1 36. Qe3 Bb4 37. b6 Red8 38. c7 1-0